বেলায়াতের দ্যুতি : আমিরুল মুমেনীন আলী রাঃ এর পর্যালোচনামূলক জীবনেতিহাস / (Record no. 74035)
[ view plain ]
| 000 -LEADER | |
|---|---|
| fixed length control field | 01297nam a2200265 a 4500 |
| 001 - CONTROL NUMBER | |
| control field | 74035 |
| 003 - CONTROL NUMBER IDENTIFIER | |
| rucl marc code | BD-RjUL |
| 005 - DATE AND TIME OF LATEST TRANSACTION | |
| control field | 20211209082459.0 |
| 008 - FIXED-LENGTH DATA ELEMENTS--GENERAL INFORMATION | |
| fixed length control field | 180128s2010 bg |||| |||| 000 0 ben d |
| 020 ## - INTERNATIONAL STANDARD BOOK NUMBER | |
| International Standard Book Number | 9789843322166 |
| Terms of availability | Tk. 700.00 |
| 035 ## - SYSTEM CONTROL NUMBER | |
| System control number | (BD-RjUL)74253 |
| 040 ## - CATALOGING SOURCE | |
| Original cataloging agency | BD-RjUL |
| Language of cataloging | eng |
| Transcribing agency | BD-RjUL |
| 041 ## - LANGUAGE CODE | |
| Language code of text/sound track or separate title | ben |
| 082 ## - DEWEY DECIMAL CLASSIFICATION NUMBER | |
| Edition number | 23 |
| Classification number | 297.64092 |
| Author mark and year | SUV 2010 |
| 100 ## - MAIN ENTRY--PERSONAL NAME | |
| Personal name | সুবহানী , জাফর |
| 9 (RLIN) | 220007 |
| 245 ## - TITLE STATEMENT | |
| Title | বেলায়াতের দ্যুতি : আমিরুল মুমেনীন আলী রাঃ এর পর্যালোচনামূলক জীবনেতিহাস / |
| Statement of responsibility, etc. | জাফর সুবহানী ; সম্পাদনা নুর হোসেন মজিদী ; অনুবাদ : আব্দুল কুদ্দুস বাদশা , মো: মাঈনউদ্দীন |
| 260 ## - PUBLICATION, DISTRIBUTION, ETC. (IMPRINT) | |
| Place of publication, distribution, etc. | ঢাকা : |
| Name of publisher, distributor, etc. | দারুল কোরআন ফাউন্ডেশন , |
| Date of publication, distribution, etc. | ২০১০ |
| 300 ## - PHYSICAL DESCRIPTION | |
| Pagination | ৭৪৩ পৃঃ ; |
| Size | ২৫ সেমি. |
| 600 ## - SUBJECT ADDED ENTRY--PERSONAL NAME | |
| Personal name | আলী রা: |
| Personal name | Ali ( R) |
| 650 ## - SUBJECT ADDED ENTRY--TOPICAL TERM | |
| Topical term or geographic name as entry element | জীবন |
| 9 (RLIN) | 220009 |
| Form subdivision | ইতিহাস |
| Topical term or geographic name as entry element | Biography |
| Form subdivision | History |
| 9 (RLIN) | 220020 |
| 700 ## - ADDED ENTRY--PERSONAL NAME | |
| Personal name | বাদশা ,আব্দুল কুদ্দুস |
| 942 ## - ADDED ENTRY ELEMENTS (KOHA) | |
| Source of classification or shelving scheme | Dewey Decimal Classification |
| Koha item type | Books |
| Lost status | Source of classification or shelving scheme | Damaged status | Not for loan | Collection code | Permanent Location | Current Location | Shelving location | Date acquired | Source of acquisition | Cost, normal purchase price | Total Checkouts | Full call number | Date last seen | Copy number | Koha item type |
|---|---|---|---|---|---|---|---|---|---|---|---|---|---|---|---|
| Dewey Decimal Classification | Not For Loan | Non-fiction | Central Library, University of Rajshahi | Central Library, University of Rajshahi | Reading Room | 02/05/2017 | Iran embassy Dhaka | 700.00 | B 297.64092 SUV 2010 | 28/01/2018 | C-1 | Books |